000 00953nam a22002777a 4500
001 7361
003 FISKH
005 20260319110552.0
008 250710b cb ||||| |||| 00| 0 eng d
040 _aFISKH
_beng
_cFISKH
_dFISKH 552.0075 LCC QE433 .G36
050 _aQE433 .G36
082 _a552.0075
100 _aGans, Roma
245 _aLet's go rock collecting /
_cby Roma Gans ; illustrated by Holly Keller
250 _aFirst Scholastic printing, February 1998
260 _aNew York :
_bScholastic,
_c1984
300 _a32 pages :
_bcolor illustrations ;
_c21 x 26 cm
505 _aN
520 _aDescribes the formation and characteristics of igneous, metamorphic, and sedimentary rocks and how to recognize and collect them.
521 8 _a540
_bLexile
521 8 _aN
_bRaz-Plus
650 _aEarth Science
_vMinerals
_xRock Collecting
700 _aKeller, Holly
_eillustrator
942 _2ddc
_cBK
_n0
999 _c7361
_d7361